| 000 | 00497nam a2200169Ia 4500 | ||
|---|---|---|---|
| 999 |
_c27094 _d27094 |
||
| 003 | OSt | ||
| 005 | 20210107100143.0 | ||
| 008 | 190216s9999||||xx |||||||||||||| ||und|| | ||
| 040 | _coclc | ||
| 082 |
_a894.812301 _bNAI/K |
||
| 100 |
_aNair, K Damodaran _98221 |
||
| 245 | 0 |
_aKunchan Padiya 101 Kathakal / _cK Damodaran Nair |
|
| 260 |
_bPrabhath Book House, _aTrivandrum: |
||
| 300 | _a247p | ||
| 650 | _aKathakal | ||
| 942 |
_cBK _2ddc _h894.812301 _iNAI/K _k894.812301 _mNAI/K |
||